<?xml version="1.0" encoding="UTF-8"?>
<record
    xmlns:xsi="http://www.w3.org/2001/XMLSchema-instance"
    xsi:schemaLocation="http://www.loc.gov/MARC21/slim http://www.loc.gov/standards/marcxml/schema/MARC21slim.xsd"
    xmlns="http://www.loc.gov/MARC21/slim">

  <leader>02368nam a22001697a 4500</leader>
  <controlfield tag="008">150430b        xxu||||| |||| 00| 0 eng d</controlfield>
  <datafield tag="020" ind1=" " ind2=" ">
    <subfield code="a">9781601270559</subfield>
  </datafield>
  <datafield tag="050" ind1=" " ind2=" ">
    <subfield code="a">K3161.F73</subfield>
  </datafield>
  <datafield tag="245" ind1=" " ind2=" ">
    <subfield code="a">Framing the state in times of transition:</subfield>
    <subfield code="b">case studies in constitution making. /</subfield>
    <subfield code="c">edited by Laurel E. Miller and Louis Aucoin</subfield>
  </datafield>
  <datafield tag="260" ind1=" " ind2=" ">
    <subfield code="a">Washington, D.C.:</subfield>
    <subfield code="b">Institute of peace press,</subfield>
    <subfield code="c">c2010.</subfield>
  </datafield>
  <datafield tag="300" ind1=" " ind2=" ">
    <subfield code="a">xviii, 715p.</subfield>
    <subfield code="c">26cm.</subfield>
  </datafield>
  <datafield tag="500" ind1=" " ind2=" ">
    <subfield code="a">includes index</subfield>
  </datafield>
  <datafield tag="505" ind1=" " ind2=" ">
    <subfield code="a">Contents: Theory and concepts: Norms of international law relating to the constitution-making process -- Constitution making and the right to take part in a public affair -- Africa: Constitution making in Eritrea: a process-driven approach -- Namibia's long walk to freedom: the role of constitution making in the creation of an independent Namibia -- Creating the birth certificate of a new South Africa: constitution making after apartheid -- The Politics of constitution making in Uganda -- Zimbabwe's unfulfilled struggle for a legitimate constitutional order -- Asia and the pacific: The Process of creating a new constitution in Cambodia -- East Timor's constitutional passage to independence -- Between coups: constitution making in Fiji -- Europe: The Drafting process for the 1998 Albanian constitution -- The Dayton constitution of Bosnia and Herzegovina -- Constitution making and transitional politics in Hungary -- Constitution -- Constitution making, peace building, and national reconciliation: the experience of Poland -- Constitution making and democratization: the Spanish paradigm -- Latin America: Conflict resolution and constitutionalism: the making of the Brazilian constitution of 1988 -- Lessons of the Colombian constitutional reform of 1991: toward the securing of peace and reconciliation? -- The Nicaraguan constitutional experience process, conflict, contradictions, and change -- The 1999 Venezuelan constitution-making process as an instrument for framing the development of an authoritarian political regime -- Middle East and Central Asia: Big tent, small tent: the making of a constitution in Afghanistan -- Deconstituting Mesopotamia: cutting a deal on the regionalization of Iraq -- Conclusion: Designing constitution-making processes: lessons from the past, questions for the future.</subfield>
  </datafield>
  <datafield tag="700" ind1=" " ind2=" ">
    <subfield code="a">Miller, Laurel E.</subfield>
  </datafield>
  <datafield tag="700" ind1=" " ind2=" ">
    <subfield code="a">Aucoin, Louis</subfield>
  </datafield>
  <datafield tag="942" ind1=" " ind2=" ">
    <subfield code="2">lcc</subfield>
    <subfield code="c">BK</subfield>
  </datafield>
  <datafield tag="999" ind1=" " ind2=" ">
    <subfield code="c">5454</subfield>
    <subfield code="d">12954</subfield>
  </datafield>
  <datafield tag="952" ind1=" " ind2=" ">
    <subfield code="0">0</subfield>
    <subfield code="1">0</subfield>
    <subfield code="2">lcc</subfield>
    <subfield code="4">0</subfield>
    <subfield code="7">0</subfield>
    <subfield code="a">WIUC-1</subfield>
    <subfield code="b">WIUC-1</subfield>
    <subfield code="c">LL</subfield>
    <subfield code="d">2015-04-30</subfield>
    <subfield code="l">0</subfield>
    <subfield code="o">K3161.F73</subfield>
    <subfield code="p">148/15</subfield>
    <subfield code="r">2015-04-30 00:00:00</subfield>
    <subfield code="w">2015-04-30</subfield>
    <subfield code="y">BK</subfield>
  </datafield>
</record>
